LIBRARY & INFORMATION CENTRE, KCAET, TAVANUR

ONLINE PUBLIC ACCESS CATALOGUE (OPAC)

Storage studies on preservation of banana and its products (Record no. 15223)

MARC details
000 -LEADER
fixed length control field 00558nam a22001697a 4500
003 - CONTROL NUMBER IDENTIFIER
control field OSt
088 ## - REPORT NUMBER
Report number T 117
100 ## - MAIN ENTRY--AUTHOR NAME
Personal name SINDU BHASKAR
245 ## - TITLE STATEMENT
Title Storage studies on preservation of banana and its products
260 ## - PUBLICATION, DISTRIBUTION, ETC. (IMPRINT)
Place of publication Tavanur 2000
Name of publisher Kelappaji College of Agricultural Engineering and Technology
300 ## - PHYSICAL DESCRIPTION
Number of Pages 105
500 ## - GENERAL NOTE
General note Storage studies on preservation of banana and its products
520 ## - SUMMARY, ETC.
Summary, etc Storage studies on preservation of banana and its products
700 ## - ADDED ENTRY--PERSONAL NAME
Personal name Dr. V. Ganesan (Guide)
942 ## - ADDED ENTRY ELEMENTS (KOHA)
Koha item type Theses
Holdings
Collection code Home library Current library Shelving location Full call number Accession Number Koha item type Public note
Reference KAUAET KAUAET Reference 631.3 SIN/ST T 117 Theses M.Tech Thesis
free website counter